000 00546nam a2200205Ia 4500
005 20250508162809.0
008 008 250505s9999 xx 000 0 eng d
020 _a0-13-357152-1
037 _aTextual
040 _aFEDL
_beng
_cFEDL
041 _aeng
_2eng
084 _a909, STA
_qFEDL
100 _aStavrianos L S
245 0 _aGlobal history: The human heritage
250 _a3rd
260 _aEnglewood Cliffs
_b Prentice-Hall
_c1971
300 _aviii,593p.
942 _cTEXL
_h909, STA
999 _c1378731
_d1378731